000 00995cam a2200277 a 4500
001 e 16000377
003 DLC
005 20260227111206.0
007 cr_|||||||||||
008 780418s1915 nyu 001 0 eng c
010 _ae 16000377
035 _a(OCoLC)ocm03808691
040 _aLibrary, U. S. Bur. of Education
_cNIE
_dDLC
050 0 0 _aLA695
_b.A4 1915
100 1 _aFarrington, Frederic Ernest,
_d1872-1930.
245 1 0 _aFrench secondary schools :
_ban account of the origin, development and present organization of secondary education in France /
_cby Frederic Ernest Farrington.
250 _a2d ed.
260 _aNew York :
_bLongmans, Green,
_c1915.
300 _axii p., 1 ., 454 p.
500 _aIncludes index.
504 _aBibliography: p. [411]-430.
530 _aAlso available in digital form on the Internet Archive Web site.
650 0 _aEducation
_zFrance.
650 0 _aEducation, Secondary.
856 4 1 _uhttp://hdl.loc.gov/loc.gdc/scd0001.00071247922
999 _c19978
_d19978